000 00301nam a2200121Ia 4500
008 240731s9999 xx 000 0 und d
022 _a2692-9996
245 0 _aSexual Health & Compulsivity
260 _bRoutledge
856 _uhttps://www.tandfonline.com/loi/usac21
942 _2ddc
942 _cTFEJ
999 _c79383
_d79383
945 _a1
_bMadushi Gamage
_c1
_dMadushi Gamage